| 000 | 00523nam a2200169 4500 | ||
|---|---|---|---|
| 001 | 114185 | ||
| 003 | ES-MaACL | ||
| 005 | 20230906190108.0 | ||
| 007 | t| | ||
| 008 | 061121s1968 sp r ||||1| spa d | ||
| 100 | 1 |
_aNougier, Louis-René. _986032 |
|
| 245 | 1 | 3 |
_aEl arte prehistórico / _cLouis-René Nougier ; traducción de J. Ferrer Aleu. |
| 260 |
_aBarcelona : _bPlaza & Janés, _c1968. |
||
| 300 |
_a186 p., 24 lám. : _bil. ; _c21 cm. |
||
| 700 | 1 |
_aFerrer Aleu, J. _950442 |
|
| 852 |
_aES-MaACL _jC-35040 _bR.68224 |
||
| 999 |
_c114185 _d114185 |
||